00325nam a2200121Ia 4500008004100000041000800041082001400049100001200063245004400075260005400119300002300173365000700196240624s9999 xx 000 0 und d aeng a658.4 TUL aTULSYAN aHOW TO EAT THE ELEPHANT THE CEO S GUIDE c2007aNew DelhibShroff Publishers & Distributors a77 : p. : cm. ; 22 cRS